| 000 | 00972nam a22002777i 4500 | ||
|---|---|---|---|
| 003 | DO-SdBNP | ||
| 005 | 20240906140028.0 | ||
| 007 | ta | ||
| 008 | 210913b 2016 dr a 00| 0 eng d | ||
| 020 | _a9789945864366 | ||
| 040 |
_aDO-SdBNP _bspa _cBNPHU _erda |
||
| 082 | 4 | _222 | |
| 100 |
_aTejera y Curbelo, Eduardo J., _eautor _4aut. _979853 |
||
| 245 | 1 | 3 |
_aEl movimiento nacionalista dominicano contra la ocupación militar norteamericana 1916-1924 / _cEduardo J. Tejera y Curbelo |
| 264 |
_aSanto Domingo : _bEditora Luz de Luna, _c2016. |
||
| 300 |
_a302 páginas : _bilustraciones ; _c23 cm. |
||
| 336 |
_atexto _btxt _2rdacontent |
||
| 337 |
_asin mediación _bn _2rdamedia |
||
| 338 |
_avolumen _bnc _2rdacarrier |
||
| 500 | _aIncluye datos biográficos del autor en las solapas | ||
| 500 | _aCentenario de la ocupación militar de 1916 | ||
| 504 | _aBibliografía : páginas 299-302 | ||
| 590 | _aInventariado, 2021/BT | ||
| 910 | _aBtavárez | ||
| 942 |
_2ddc _cLBS1 |
||
| 999 |
_c50485 _d50485 |
||